MARC details
| 000 -CABECERA |
| campo de control de longitud fija |
00921nam a2200265 a 4500 |
| 001 - NÚMERO DE CONTROL |
| campo de control |
000002592 |
| 005 - FECHA Y HORA DE LA ÚLTIMA TRANSACCIÓN |
| campo de control |
20260120073949.0 |
| 008 - DATOS DE LONGITUD FIJA--INFORMACIÓN GENERAL |
| campo de control de longitud fija |
831201s1986 xxu 001 0 spa |
| 040 ## - FUENTE DE LA CATALOGACIÓN |
| Centro catalogador/agencia de origen |
DO-SdBNP |
| Lengua de catalogación |
spa |
| Centro/agencia transcriptor |
BNPHU |
| 041 17 - CÓDIGO DE LENGUA |
| Código de lengua del texto/banda sonora o título independiente |
spa |
| Código de lengua original |
eng |
| Fuente del código |
Código de idioma MARC |
| 082 ## - NÚMERO DE LA CLASIFICACIÓN DECIMAL DEWEY |
| Número de clasificación |
242.2 |
| Número de documento/Ítem |
M266d, 1986 |
| 240 00 - TÍTULO UNIFORME |
| Título uniforme |
Streams in the desert. |
| Lenguaje de la obra |
Español |
| 245 00 - MENCIÓN DE TÍTULO |
| Título |
Manantiales en el desierto / |
| Mención de responsabilidad, etc. |
compilador, Charles E. Cowman; traducción, Antonio Serrano. |
| 250 ## - MENCIÓN DE EDICIÓN |
| Mención de edición |
12a ed. |
| 260 ## - PUBLICACIÓN, DISTRIBUCIÓN, ETC. |
| Lugar de publicación, distribución, etc. |
Estados Unidos : |
| Nombre del editor, distribuidor, etc. |
Mundo Hispano, |
| Fecha de publicación, distribución, etc. |
1986. |
| 300 ## - DESCRIPCIÓN FÍSICA |
| Extensión |
2 t. ; |
| Dimensiones |
17 cm. |
| 500 ## - NOTA GENERAL |
| Nota general |
La biblioteca posee el tomo II. |
| 534 ## - NOTA SOBRE LA VERSIÓN ORIGINAL |
| Encabezamiento principal del original |
Título original: |
| Mención de título del original |
Streams in the desert. |
| 650 #4 - PUNTO DE ACCESO ADICIONAL DE MATERIA--TÉRMINO DE MATERIA |
| Término de materia o nombre geográfico como elemento de entrada |
Ejercicios espirituales |
| 9 (RLIN) |
8168 |
| 650 #4 - PUNTO DE ACCESO ADICIONAL DE MATERIA--TÉRMINO DE MATERIA |
| Término de materia o nombre geográfico como elemento de entrada |
Calendario religioso |
| 9 (RLIN) |
8169 |
| 650 #0 - PUNTO DE ACCESO ADICIONAL DE MATERIA--TÉRMINO DE MATERIA |
| Término de materia o nombre geográfico como elemento de entrada |
Vida espiritual |
| 9 (RLIN) |
268 |
| 700 1# - PUNTO DE ACCESO ADICIONAL--NOMBRE DE PERSONA |
| Nombre de persona |
Charles E. Cowman |
| Término indicativo de función/relación |
comp. |
| 9 (RLIN) |
8170 |
| 700 1# - PUNTO DE ACCESO ADICIONAL--NOMBRE DE PERSONA |
| Nombre de persona |
Serrano, Antonio, |
| Fechas asociadas al nombre |
1899- |
| Término indicativo de función/relación |
tr. |
| 9 (RLIN) |
8171 |
| 910 ## - DATOS DE OPCIÓN DEL USUARIO (OCLC) |
| Datos de opción del usuario |
Catalogación original noche |